Municipalities of Iron County, Wisconsin - Statistics

General Stats
  • This quiz has been taken 44 times
  • The average score is 7 of 16
Answers on the Map
Answers color-coded by a green-red scale on the quiz's map according to % correct below.
 
Answer Stats
Answer % Correct
City of Hurley
100%
Census Designated Place of Saxon
80%
City of Montreal
80%
Town of Saxon
80%
Census Designated Place of Pence
60%
Town of Pence
60%
Census Designated Place of Iron Belt
40%
Census Designated Place of Mercer
40%
Town of Mercer
40%
Town of Oma
40%
Town of Anderson
20%
Town of Gurney
20%
Town of Carey
0%
Town of Kimball
0%
Town of Knight
0%
Town of Sherman
0%
No matching quizzes found
Score Distribution
Percent of People with Each Score
Percentile by Number Answered
Your Score History
You have not taken this quiz